Magic The Gathering (MTG) : Color combinations - Statistiques

Statistiques générales
  • Ce quiz a été pris 220 fois
  • Le résultat moyen est 15 sur 26
Statistiques - réponses
Hint Réponse % Correct
Red + Green (RG) Gruul
88%
Red + White (RW) Boros
87%
Blue + Black (UB) Dimir
86%
White + Blue (WU) Azorius
85%
Blue + Red (UR) Izzet
85%
Black + Green (BG) Golgari
82%
Black + Red (BR) Rakdos
81%
Green + White (GW) Selesnya
81%
Green + Blue (GU) Simic
81%
White + Black (WB) Orzhov
78%
Blue + Red + White (URW) Jeskai
66%
Red + White + Black (RWB) Mardu
59%
Blue + Black + Red (UBR) Grixis
58%
Green + White + Blue (GWU) Bant
56%
White + Blue + Black (WUB) Esper
55%
Green + Blue + Red (GUR) Temur
53%
Black + Green + Blue (BGU) Sultai
50%
Black + Red + Green (BRG) Jund
49%
Red + Green + White (RGW) Naya
48%
White + Black + Green (WBG) Abzan
47%
Green + White + Blue + Black (GWUB) Witch-Maw
24%
White + Blue + Black + Red + Green (WUBRG) Rainbow
21%
Red + Green + White + Blue (RGWU) Ink-Treader
18%
White + Blue + Black + Red (WUBR) Yore-Tiller
18%
Black + Red + Green + White (BRGW) Dune-Brood
15%
Blue + Black + Red + Green (UBR) Glint-Eye
12%
Aucun quiz correspondant
Distribution des résultats
% des personnes avec chaque résultat
Percentile par nombre de réponses
Votre historique - résultats
Vous n’avez pas pris ce quiz